¿Será realidad la apertura del Túnel del tiempo?
Publicado:
San Jorge, núm. 89 (1r trimestre 1973), pàg 50 :
MARC
| LEADER | 00000nam a2200000Ia 4500 | ||
|---|---|---|---|
| 001 | |||
| 008 | 160829s9999 xx 000 0 cat d | ||
| 245 | |a ¿Será realidad la apertura del Túnel del tiempo? | ||
| 260 | |a San Jorge, núm. 89 (1r trimestre 1973), pàg 50 | ||
| 650 | |a Túnels |x Badalona |9 41863 | ||
| 650 | |a Carreteres |x Badalona |9 41864 | ||
| 901 | |a Arxiu | ||
| 942 | |n 1 | ||
| 952 | |0 0 |1 0 |4 0 |7 1 |9 50518 |a Arxiu |b Arxiu |d 2016-12-01 |l 0 |r 2016-12-01 00:00:00 |w 2016-12-01 |y ARXIU | ||
| 999 | |c 54360 |d 54360 | ||